000 01653nam0a2200349 4500
001 RU\NLR\bibl\574350
005 20260407095822.0
010 _a5-7598-0289-5
_9200
021 _aRU
_b2004-60730
_92987
035 _a(NLR Aleph) 000566396
090 _a1564785
_c1564785
100 _a20041115d2004 |||y0rusy50 ca
101 0 _arus
102 _aRU
105 _aa |||||||||
200 1 _aОценка эффективности использования бюджетных средств в части расходов на оказание бюджетных услуг
_fЕ.В. Берездивина, В.Ф. Елисеенко, А.Б. Жулин, Н.М. Сивашева
_gИн-т проблем гос. и муниципал. упр., Гос. ун-т, Высш. шк. экономики
210 _aМ.
_cИД ГУ ВШЭ
_d2004
215 _a81, [2] с.
_cсхем.
_d21
300 _aАвт. указаны на обороте тит. л.
606 0 _aБюджет
_xИсполнение
_yРоссийская Федерация
_92083131
_3RU\NLR\auth\661259180
686 _aУ26(2)132.3
701 1 _aБерездивина
_bЕ. В.
_gЕлена Викторовна
_4070
701 1 _aЕлисеенко
_bВ. Ф.
_4070
701 1 _aЖулин
_bА. Б.
_4070
701 1 _aСивашева
_bН. М.
_4070
712 0 2 _4570
_aИнститут проблем государственного и муниципального управления
_cМосква
_3RU\NLR\AUTH\8810053873
_9608176
801 0 _aRU
_bNLR
_c20041115
_gPSBO
801 1 _aRU
_bNLR
_c20041115
942 _cBOOK
980 _aNB